[Event "Voronezh op-A 22nd"]
[Site "Voronezh"]
[Date "2018.06.12"]
[Round "1"]
[White "Konnov, Oleg"]
[Black "Stukopin, Andrey"]
[Result "1/2-1/2"]
[WhiteElo "2311"]
[BlackElo "2589"]
[PlyCount "81"]
[EventDate "2018.06.12"]
[EventType "swiss"]
[EventRounds "9"]
[EventCountry "RUS"]
[SourceTitle "CBM 185 Extra"]
[Source "ChessBase"]
[SourceDate "2018.07.29"]
[SourceVersion "1"]
[SourceVersionDate "2018.07.29"]
[SourceQuality "1"]

1. d4 Nf6 2. Nf3 d5 3. c4 e6 4. Nc3 dxc4 5. e3 a6 6. a4 c5 7. Bxc4 Nc6 8. 0-0 Be7 9. Qd3 0-0 10. Rd1 cxd4 11. exd4 Nb4 12. Qe2 b6 13. Ne5 Bb7 14. Bf4 Rc8 15. Bg3 Nfd5 16. Nxd5 Bxd5 17. Rac1 f6 18. Nf3 Qd7 19. Bxa6 Nxa6 20. Qxa6 Ra8 21. Qxb6 Qxa4 22. Nd2 Ra6 23. Qc7 Bb4 24. Qf4 Rc6 25. Ra1 Qc2 26. Nf1 Qxb2 27. Rdb1 Qc3 28. Rc1 Qd3 29. Rxc6 Bxc6 30. Ne3 Qc3 31. Rb1 Ba3 32. Qc7 Bc1 33. Nf1 Qc4 34. Rb6 Bd5 35. Qxc4 Bxc4 36. Rc6 Bxf1 37. Kxf1 Bb2 38. Rxe6 Bxd4 39. Rd6 Bc5 40. Rc6 Bd4 41. Rd6 1/2-1/2

[Event "Chicago op 27th"]
[Site "Chicago"]
[Date "2018.05.26"]
[Round "4"]
[White "Aaron, Deepak"]
[Black "Stukopin, Andrey"]
[Result "0-1"]
[WhiteElo "2361"]
[BlackElo "2580"]
[PlyCount "104"]
[EventDate "2018.05.24"]
[EventType "swiss"]
[EventRounds "9"]
[EventCountry "USA"]
[SourceTitle "CBM 184 Extra"]
[Source "ChessBase"]
[SourceDate "2018.06.28"]
[SourceVersion "1"]
[SourceVersionDate "2018.06.28"]
[SourceQuality "1"]

1. e4 c5 2. Nf3 e6 3. d4 cxd4 4. Nxd4 Nc6 5. Nc3 Qc7 6. Nb3 Nf6 7. Bd3 a6 8. Qe2 g6 9. f4 d6 10. Bd2 Bg7 11. 0-0 0-0 12. Rae1 b5 13. Nd1 e5 14. Qf2 exf4 15. Bxf4 Bb7 16. Qh4 Rae8 17. Ne3 Nd8 18. Nd2 Nh5 19. Nf5 Nxf4 20. Nxg7 Qc5+ 21. Kh1 Kxg7 22. Qxf4 Qe5 23. Qxe5+ Rxe5 24. a4 bxa4 25. Ra1 Bc6 26. Bxa6 Ne6 27. Nc4 Rxe4 28. Nxd6 Rg4 29. Bb7 Bxb7 30. Nxb7 Rb8 31. Nd6 f5 32. Rae1 Ng5 33. Re7+ Kf6 34. Ra7 Rxb2 35. Re1 Ne4 36. Ne8+ Kg5 37. h3 Rh4 38. Rc1 Ng3+ 39. Kh2 Ne2 40. g3 Rxh3+ 41. Kxh3 Nxc1 42. Rxa4 Rxc2 43. g4 Rc3+ 44. Kg2 fxg4 45. Nd6 Rc2+ 46. Kf1 Nd3 47. Ne4+ Kh4 48. Rd4 Nf4 49. Nf6 Rc1+ 50. Kf2 g3+ 51. Kf3 Rf1+ 52. Ke3 g2 0-1